Predicting churn in telecommunications /
Saved in:
| 主要作者: | |
|---|---|
| 格式: | Thesis 圖書 |
| 語言: | English |
| 出版: |
2013.
|
| 主題: | |
| 標簽: |
添加標簽
沒有標簽, 成為第一個標記此記錄!
|
| LEADER | 01105cam a2200301 i 4500 | ||
|---|---|---|---|
| 001 | u1128680 | ||
| 003 | SIRSI | ||
| 005 | 201912121220 | ||
| 008 | 191212s2013 my a m 000 0 eng | ||
| 040 | |a UMM |e rda | ||
| 043 | |a a-my--- | ||
| 090 | |a HD31 |b UM 2013 Lee | ||
| 100 | 1 | |a Lee, Chi Wei, |e author. | |
| 245 | 1 | 0 | |a Predicting churn in telecommunications / |c Lee Chi Wei. |
| 264 | 1 | |c 2013. | |
| 300 | |a vii, 87 leaves : |b illustrations ; |c 30 cm | ||
| 336 | |a text |2 rdacontent | ||
| 337 | |a unmediated |2 rdamedia | ||
| 338 | |a volume |2 rdacarrier | ||
| 502 | |b M.Mgmt. |c Fakulti Perniagaan dan Perakaunan, Universiti Malaya |d 2013. | ||
| 504 | |a Bibliography: leaves 82-87. | ||
| 650 | 0 | |a Telecommunication |z Malaysia. | |
| 650 | 0 | |a Telecommunication policy |z Malaysia. | |
| 650 | 0 | |a Telecommunication |x Marketing. | |
| 710 | 2 | |a Universiti Malaya. |b Fakulti Perniagaan dan Perakaunan, |e degree granting institution. | |
| 900 | |a NNANS NSM | ||
| 596 | |a 1 | ||
| 999 | |a HD31 UM 2013 LEE |w LC |c 1 |i A517081639 |f 20/12/2019 |g 1 |l STACKS |m P01UTAMA |r Y |s Y |t TESIS |u 12/12/2019 |1 AHSS |o .STAFF. SURAT AGREEMENT & CD TIDAK DISERTAKAN. | ||
